000
00219nam a22000977a 4500
999
_c
65052
_d
65049
082
_a
297 س ع ی
100
_a
مولینا سعید انصاری
245
_a
سیرالصحابیات
300
_a
۱۹۵
942
_c
BK